000 00459cam a22001934a 4500
005 20250605164301.0
008 250528s ||||||||||||||||||||||||d
035 _a22079
020 _a9780631157755
040 _aGR-AtMCL
_bgre
_dGR-AtMCL
_eAACR2
245 1 _aTHE BEGINNINGS OF SOCIAL UNDERSTANDING
250 _a1
260 _bBlackwell,
_c1988
300 _a212
700 1 _aDunn Judy
_97955
942 _cBK
999 _c7135
_d7135